logo

Bir Sreshtho Munshi Abdur Rouf Library
Jhenaidah Cadet College

বিদ্যাসগরে বুদ্ধির জয় / (Record no. 13340)

MARC details
000 -LEADER
fixed length control field 00768nam a2200241 a 4500
001 - CONTROL NUMBER
JCCL Control Number 13340
003 - CONTROL NUMBER IDENTIFIER
JCCL marc code BD-JhCC
005 - DATE AND TIME OF LATEST TRANSACTION
control field 20230904081703.0
008 - FIXED-LENGTH DATA ELEMENTS--GENERAL INFORMATION
fixed length control field 230808b2020 bg |||| ||a| 000 0 ben d
020 ## - INTERNATIONAL STANDARD BOOK NUMBER
International Standard Book Number 9789846344837
035 ## - SYSTEM CONTROL NUMBER
system control number (BD-JhCC)13340
040 ## - CATALOGING SOURCE
Original cataloging agency BD-JhCC
Modifying agency BD-JhCC
041 ## - LANGUAGE CODE
Language code of Book Bengali
082 ## - DEWEY DECIMAL CLASSIFICATION NUMBER
Classification number 891.4435
Author mark and Year MAH 2020
100 ## - MAIN ENTRY--PERSONAL NAME
Personal name মাহবুব, পলাশ
245 ## - TITLE STATEMENT
Title বিদ্যাসগরে বুদ্ধির জয় /
Statement of responsibility, etc পলাশ মাহবুব।
260 ## - PUBLICATION, DISTRIBUTION, ETC. (IMPRINT)
Place of publication, distribution, etc ঢাকা :
Name of publisher, distributor, etc পাঞ্জেরী পাবলিকেশন্স লি;
Date of publication, distribution, etc ২০২০.
300 ## - PHYSICAL DESCRIPTION
Pagination 97 p. :
Dimensions 21 cm.
490 ## - SERIES STATEMENT
Series statement লজিক লাবু-৬
650 ## - SUBJECT ADDED ENTRY--TOPICAL TERM
Topical term or geographic name as entry element Bengali short stories
942 ## - ADDED ENTRY ELEMENTS (KOHA)
Source of classification or shelving scheme Dewey Decimal Classification
Koha item type Books
Holdings
Source of classification or shelving scheme Damaged status Not for loan Home library Current library Shelving location Date of accession Cost, normal purchase price Total Checkouts Full call number Barcode Date last seen Date checked out Copy number Method of acquisition Koha item type Currency
Dewey Decimal Classification     JCC Rouf Library JCC Rouf Library General Stacks 06/23/2023 131.00 1 891.4435 MAH 2020 18306 07/29/2025 07/22/2025 C-1 Purchase Books BDT

JCC Library | Contacts | JCC Home

Last Update on 23 September 2017
Copyright @ 2017-2020 JCC Rouf Library
Rouf Library, Jhenidah Cadet College (JCC), Bangladesh